• 首页
  • 本馆介绍
  • 公告通知
  • 最新文献
  • 馆藏检索
  • 电子资源
  • 读者导购
  • 参考咨询
  • 我的图书馆
  • 登录
  • 详细信息显示
  • 放入我的书架
  • 预约/预借图书
  • 作者相关作品
  • 分类相关作品
  • 丛书相关作品
  • 出版社相关作品

书目信息

  • 表格格式
  • 工作单格式
  • 卡片格式
题名:
普通化学
    
 
作者: ;浙江大学普通化学教研组 编
分册:  
出版信息: 北京   人民教育出版社  1978
页数: 336页
开本: 19cm
丛书名:
单 册:
中图分类: O6
科图分类:
主题词: 普通化学--高等学校--教材
电子资源:
ISBN:
000 00691nam0 2200229 45
001 0178006150
005 20060524154831.70
010    @dCNY0.79
091    @a13012.0147
100    @a19950726d1978 em y0chiy0121 ea
101 0  @achi
102    @aCN@b110000
105    @ay z 000yy
200 10 @a普通化学@Apu tong hua xue@f浙江大学普通化学教研组编@Fzhe jiang da xue pu tong hua xue jiao yan zu bian
210    @a北京@c人民教育出版社@d1978
215    @a336页@d19cm
300    @a高等学校试用教材
606    @a普通化学@x高等学校@x教材
690    @aO6@v3
711 02 @a浙江大学普通化学教研组@Azhe jiang da xue pu tong hua xue jiao yan zu@4编
801  0 @aCN@bNLC@c20060524
905    @dO6@e1
    
    普通化学/浙江大学普通化学教研组编.-北京:人民教育出版社,1978
    336页;19cm
    高等学校试用教材
    
    ISBN :CNY0.79
    
●
相关链接 在E读中查询图书 在五车中查询图书 在当当中查询图书 在豆瓣中查询图书


正题名:普通化学     索取号:O6/1         预约/预借

序号 登录号 条形码 馆藏地/架位号 状态 备注
1 0000413   202357591   密集书库/ [索取号:O6/1] 在馆    
2 0000414   202384375   密集书库/ [索取号:O6/1] 在馆    
3 0000417   000336023   第三借阅区/ [索取号:O6/1] 在馆    
4 0000418   202336098   密集书库/ [索取号:O6/1] 在馆    
5 0000419   202384366   密集书库/ [索取号:O6/1] 在馆    
6 0000420   000336032   第三借阅区/ [索取号:O6/1] 在馆    
7 0000421   202384400   密集书库/ [索取号:O6/1] 在馆    
8 0013562   202212989   密集书库/ [索取号:O6/1] 在馆    
9 0013563   202288835   密集书库/ [索取号:O6/1] 在馆    
10 0013564   202384320   密集书库/ [索取号:O6/1] 在馆    
11 0013565   202384339   密集书库/ [索取号:O6/1] 在馆    
12 0013566   202384419   密集书库/ [索取号:O6/1] 在馆    
13 0013577   000336014   第二样本阅览室/ [索取号:O6/1] 在馆    
唐山师范学院图书馆 欢迎您!
大连网信软件有限公司© 版权所有